| 000 | 00315nam a22000977a 4500 | ||
|---|---|---|---|
| 008 | 220606b ||||| |||| 00| 0 eng d | ||
| 100 | _aMazza, Thomas | ||
| 245 | _aStreet Fighting: New York City Carrier & Local Mail - 1840 - 1863 (Exhibit) | ||
| 260 |
_bMazza, Thomas _c1998 |
||
| 650 | _aNew York City| Local Mail| Carrier | ||
| 999 |
_c3413 _d3413 |
||